التريكو و الإيتامين : فن و إبداع / (رقم التسجيلة. 113184)

تفاصيل مارك
000 -LEADER
fixed length control field 00648nam a22002057a 4500
005 - DATE AND TIME OF LATEST TRANSACTION
control field 20251108174609.0
008 - FIXED-LENGTH DATA ELEMENTS--GENERAL INFORMATION
fixed length control field 250721s2008 xx 000 0 ara d
082 14 - DEWEY DECIMAL CLASSIFICATION NUMBER
Classification number 746.4/عبي
100 1# - MAIN ENTRY--PERSONAL NAME
Personal name عبيد، جمانة
Relator term مؤلف
245 10 - TITLE STATEMENT
Title التريكو و الإيتامين : فن و إبداع /
264 1# - PRODUCTION, PUBLICATION, DISTRIBUTION, MANUFACTURE, AND COPYRIGHT NOTICE
Place of production, publication, distribution, manufacture عمان :
Name of producer, publisher, distributor, manufacturer دار البداية ناشرون و موزعون،
Date of production, publication, distribution, manufacture, or copyright notice 2008.
300 ## - PHYSICAL DESCRIPTION
Extent 95 ص.
490 0# - SERIES STATEMENT
Series statement الأشغال اليدوية
650 17 - SUBJECT ADDED ENTRY--TOPICAL TERM
Topical term or geographic name as entry element اشغال الابره
650 17 - SUBJECT ADDED ENTRY--TOPICAL TERM
Topical term or geographic name as entry element التطريز
650 17 - SUBJECT ADDED ENTRY--TOPICAL TERM
Topical term or geographic name as entry element الحياكه
650 17 - SUBJECT ADDED ENTRY--TOPICAL TERM
Topical term or geographic name as entry element الفنون التشكيليه
942 ## - ADDED ENTRY ELEMENTS (KOHA)
Source of classification or shelving scheme Dewey Decimal Classification
Koha item type كتب
المقتنيات
حالة السحب حالة الفقدان مصدر التصنيف حالة التلف غير قابل للإعارة المكتبة الرئيسية المكتبة الحالية موقع الرف تاريخ التزويد الرقم المتسلسل Total Checkouts رقم الإستدعاء الباركود تاريخ آخر ظهور تاريخ الفاتورة نوع المادة (كوها)
    Dewey Decimal Classification     مكتبة أبو علندا العامة مكتبة أبو علندا العامة الإعارة 23/07/2008 1209023   746.4/عبي PLD00030440 28/07/2025 23/07/2008 كتب
    Dewey Decimal Classification     مكتبة أم قصير والمقابلين العامة مكتبة أم قصير والمقابلين العامة الإعارة 23/07/2008 1209022   746.4/عبي PLD00030439 28/07/2025 23/07/2008 كتب
    Dewey Decimal Classification     مكتبة الأميرة ايمان العامة مكتبة الأميرة ايمان العامة الإعارة 23/07/2008 1209014   746.4/عبي PLD00030431 28/07/2025 23/07/2008 كتب
    Dewey Decimal Classification     مكتبة الاميرة بديعة مكتبة الاميرة بديعة الإعارة 23/07/2008 1209017   746.4/عبي PLD00030434 28/07/2025 23/07/2008 كتب
    Dewey Decimal Classification     مكتبة الجويدة مكتبة الجويدة الإعارة 23/07/2008 1209018   746.4/عبي PLD00030435 28/07/2025 23/07/2008 كتب
    Dewey Decimal Classification     مكتبة الحسن العامة مكتبة الحسن العامة الإعارة 23/07/2008 1209019   746.4/عبي PLD00030436 28/07/2025 23/07/2008 كتب
    Dewey Decimal Classification     مكتبة النصر العامة مكتبة النصر العامة الإعارة 23/07/2008 1209025   746.4/عبي PLD00030442 28/07/2025 23/07/2008 كتب
    Dewey Decimal Classification     مكتبة حمزة العامة مكتبة حمزة العامة الإعارة 23/07/2008 1209020   746.4/عبي PLD00030437 28/07/2025 23/07/2008 كتب
    Dewey Decimal Classification     مكتبة صويلح العامة مكتبة صويلح العامة الإعارة 23/07/2008 1209015   746.4/عبي PLD00030432 28/07/2025 23/07/2008 كتب
    Dewey Decimal Classification     مكتبة وادي السير العامة مكتبة وادي السير العامة الإعارة 23/07/2008 1209024   746.4/عبي PLD00030441 28/07/2025 23/07/2008 كتب
    Dewey Decimal Classification     مكتبةمؤتة مكتبةمؤتة الإعارة 23/03/2011 1428560   746.4/عبي PLD00198387 28/07/2025 23/03/2011 كتب
Implemented & Customized by: BBB with SCIT (Smart Chains for Information Technology)

Powered by Koha